|
|
|
|
| LEADER |
00000nab a2200000 a 4500 |
| 001 |
vtls001003707 |
| 003 |
SK-MaSNL |
| 005 |
20260304211112.0 |
| 008 |
040720e19951219xo 0 slo |
| 035 |
|
|
|a RV4307
|
| 040 |
|
|
|a RVGKPD
|b slo
|c RVGKPD
|e AACR2
|
| 041 |
0 |
|
|a slo
|
| 044 |
|
|
|a xo
|c SK
|
| 080 |
|
|
|a 362.13
|2 1981
|
| 080 |
|
|
|a 616.89
|2 1981
|
| 100 |
1 |
|
|a Dudinský, Marián
|4 aut
|9 896358
|
| 245 |
1 |
0 |
|a Lekári zatúlaných
|b Epitaf na hrobe narkomana: Nikomu nič zlého neurobil....
|
| 610 |
2 |
7 |
|a Odborný liečebný ústav psychiatrický Predná Hora
|2 RVGKPD
|9 220763
|
| 650 |
0 |
7 |
|a pacienti
|2 RVGKPD
|9 19592
|
| 650 |
0 |
7 |
|a postupy liečebné
|2 RVGKPD
|9 1542961
|
| 651 |
|
7 |
|a Predná Hora (Muránska Huta, Slovensko)
|2 RVGKPD
|9 218427
|
| 655 |
|
7 |
|a periodikum
|2 snkbucl
|9 29553
|
| 700 |
1 |
0 |
|a Šulík, Milan
|4 aut
|9 924538
|
| 710 |
2 |
|
|a Odborný liečebný ústav psychiatrický Predná Hora
|4 aut
|9 220763
|
| 773 |
0 |
8 |
|t Slovenská republika
|g Roč. 2, č.293, 19.12.1995, s. 8-9
|
| 852 |
|
|
|a ZVYKNI
|b KIS3GCP
|
| 999 |
|
|
|c 3128421
|d 3130351
|